• 首页
  • 本馆介绍
  • 公告通知
  • 最新文献
  • 馆藏检索
  • 电子资源
  • 读者导购
  • 参考咨询
  • 我的图书馆
  • 登录
  • 详细信息显示
  • 放入我的书架
  • 预约/预借图书
  • 作者相关作品
  • 分类相关作品
  • 丛书相关作品
  • 出版社相关作品

书目信息

  • 表格格式
  • 工作单格式
  • 卡片格式
题名:
汉语词语与对外汉语研究
    
 
作者: 杨晓黎 著
分册:  
出版信息: 合肥   安徽大学出版社  2007
页数: 290页
开本: 21cm
丛书名: 安徽大学汉语言文字研究丛刊
单 册:
中图分类: H195.3
科图分类:
主题词: 汉语--词语--对外汉语教学--教学研究 , 汉语 , 词语
电子资源:
ISBN: 978-7-81110-254-3
000 00955oam2 2200277 45
001 1359676749
005 20130529091207.53
010    @a978-7-81110-254-3@dCNY20.00
100    @a20130513d2007 em y0chiy0110 ea
101 0  @achi
102    @aCN@b340000
105    @ay z 000yy
106    @ar
200 1  @a汉语词语与对外汉语研究@AHan Yu Ci Yu Yu Dui Wai Han Yu Yan Jiu@f杨晓黎著@FYang Xiao Li Zhu
210    @a合肥@c安徽大学出版社@d2007
215    @a290页@d21cm
225 2  @a安徽大学汉语言文字研究丛刊@v4
330    @a本书共收录作者1981年至2006年发表的25篇论文,分成:汉语本体研究与对外汉语教学、作家作品语言研究、汉语民族特点和言语交际认同三个板块。
461  0 @12001 @a安徽大学汉语言文字研究丛刊@v4
606 0  @a汉语@x词语@x对外汉语教学@x教学研究
606 0  @a汉语
606 0  @a词语
690    @aH195.3@v5
701  0 @a杨晓黎@AYang Xiao Li@c(女,@f1957~)@4著
801    @aCN@bTANGWEI@c20130522
905    @b0832998-3003@dH195.3@e321@f6
    
    汉语词语与对外汉语研究/杨晓黎著.-合肥:安徽大学出版社,2007
    290页;21cm.-(安徽大学汉语言文字研究丛刊;4)
    
    
    ISBN 978-7-81110-254-3:CNY20.00
    本书共收录作者1981年至2006年发表的25篇论文,分成:汉语本体研究与对外汉语教学、作家作品语言研究、汉语民族特点和言语交际认同三个板块。
●
相关链接 在E读中查询图书 在五车中查询图书 在当当中查询图书 在豆瓣中查询图书


正题名:汉语词语与对外汉语研究     索取号:H195.3/321         预约/预借

序号 登录号 条形码 馆藏地/架位号 状态 备注
1 0832998   208329986   第二样本阅览室/ [索取号:H195.3/321] 在馆    
2 0832999   208329995   密集书库-文学院/ [索取号:H195.3/321] 在馆    
3 0833000   208330000   第四借阅区/ [索取号:H195.3/321] 在馆    
4 0833001   208330019   第四借阅区/ [索取号:H195.3/321] 在馆    
5 0833002   208330028   第四借阅区/ [索取号:H195.3/321] 在馆    
6 0833003   208330037   密集书库-文学院/ [索取号:H195.3/321] 在馆    
唐山师范学院图书馆 欢迎您!
大连网信软件有限公司© 版权所有